|
|
|
|
| LEADER |
01284ppm a22003138a 4500 |
| 001 |
00031275 |
| 005 |
20171026081023.0 |
| 008 |
131107s2009 ||||||viesd |
| 041 |
0 |
# |
|a vie
|
| 082 |
1 |
4 |
|b PH110TR
|a 510.76
|
| 100 |
1 |
# |
|a Lê, Chí Bảo
|
| 245 |
0 |
0 |
|a Phát triển một số năng lực tư duy cơ bản cho học sinh qua hoạt động dạy học bài tập toán bậc Trung học cơ sở
|b Luận văn thạc sĩ khoa học giáo dục. Chuyên ngành: Quản lý giáo dục. Mã số: 60.14.05
|c Lê Chí Bảo; Lê Hiển Dương (hướng dẫn)
|
| 260 |
# |
# |
|a Vinh
|b Đại học Vinh
|c 2009
|
| 300 |
# |
# |
|a 104 tr.
|c 30cm.
|
| 500 |
# |
# |
|a ĐTTTS ghi: Bộ giáo dục và đào tạo. Trường Đại học Vinh
|
| 653 |
# |
# |
|a Bài tập toán
|
| 653 |
# |
# |
|a Dạy học
|
| 653 |
# |
# |
|a Trung học cơ sở
|
| 653 |
# |
# |
|a Quản lý giáo dục
|
| 653 |
# |
# |
|a Năng lực tư duy
|
| 653 |
# |
# |
|a Luận văn
|
| 700 |
1 |
# |
|a Lê, Hiển Dương
|e Hướng dẫn
|
| 852 |
# |
# |
|j LV.0000422
|b Kho đọc SĐH
|
| 852 |
# |
# |
|j LV.0000422
|
| 910 |
|
|
|d 07/11/2013
|
| 980 |
# |
# |
|a Trung tâm Học liệu Lê Vũ Hùng, Trường Đại học Đồng Tháp
|